| 000 | 00528nam a22001817a 4500 | ||
|---|---|---|---|
| 005 | 20140303121041.0 | ||
| 010 | _aENG-109402 | ||
| 020 |
_a9788190706179 _c495.00 |
||
| 035 | _aEN-92935 | ||
| 037 | _bDBAD/Distributor | ||
| 082 | _aS | ||
| 100 | _aMitra, Sandip | ||
| 245 |
_aDiscovery of the hiddenself / _cby Sandip Mitra ; foreworded by Arati Nandi |
||
| 260 |
_aKolkata _bPradip Kumar Mitra _c2014 |
||
| 270 |
_a40, Bansdroni Govt. Colony _bKolkata _e700070 |
||
| 300 |
_aviii,161p. _c22cm(Hb) |
||
| 942 |
_2ddc _cEN _mMIT _hS |
||
| 999 |
_c82754 _d82754 |
||